Văn bản pháp quy về quản lý tài chính hành chính sự nghiệp. t.VI /
Gorde:
| Egile nagusia: | |
|---|---|
| Formatua: | Sách giấy |
| Hizkuntza: | Vietnamese |
| Argitaratua: |
H. :
Tài chính,
2001
|
| Etiketak: |
Etiketa erantsi
Etiketarik gabe, Izan zaitez lehena erregistro honi etiketa jartzen!
|
| Thư viện lưu trữ: | Thư viện Trường Đại học Đà Lạt |
|---|
| LEADER | 00721nam a2200289 4500 | ||
|---|---|---|---|
| 001 | DLU030021987 | ||
| 003 | ##DLU | ||
| 005 | ##20021230 | ||
| 008 | ##021230t vn z000 vie d | ||
| 040 | # | # | |a DLU |b vie |
| 041 | # | # | |a vie |
| 044 | # | # | |a vn |
| 082 | # | # | |a 352.4 |b BOT |
| 100 | # | # | |a Bộ Tài chính |
| 245 | # | # | |a Văn bản pháp quy về quản lý tài chính hành chính sự nghiệp. |n t.VI / |c Bộ Tài chính |
| 260 | # | # | |a H. : |b Tài chính, |c 2001 |
| 300 | # | # | |a 531 tr. ; |c 27 cm |
| 990 | # | # | |a t.VI |
| 992 | # | # | |a 79000 |
| 994 | # | # | |a DLU |
| 900 | # | # | |a True |
| 911 | # | # | |a Thái Thị Thanh Thủy |
| 925 | # | # | |a G |
| 926 | # | # | |a A |
| 927 | # | # | |a SH |
| 980 | # | # | |a Thư viện Trường Đại học Đà Lạt |